000 01600nam0a2200397 4500
001 RU\NLR\BIBL_A\022687868
005 20260413145350.0
010 _a978-5-17-177998-6
_92000
021 _aRU
_bКН-П-25-066756
_9КН-П-25-6453
035 _a(NLR Aleph) 022687868
090 _a13635450
_c13635450
100 _a20251215d2025 u y0rusy50 ca
101 0 _arus
102 _aRU
105 _aa|||z|||000yy
181 0 _ai3
_baxxe
182 0 _an
200 1 _a55 фактов о России
_e[сборник]
_fАлександра Левченко
203 _aТекст
_bвизуальный
_cнепосредственный
210 _aМосква
_cАСТ
_d2025
215 _a126, [1] с.
_cцв. ил.
_d17
225 1 _aФакты истории
300 _aАвт. указан на обороте тит. с. в макете
320 _aБиблиогр.: с. 122-127
333 _a16+
532 1 0 _aПятьдесят пять фактов о России
607 _aРоссия
_xИстория
_jПопулярные издания
_2nlr_sh1
_2nlr_sh2
_3RU\NLR\AUTH\66979780
686 1 _aТ3(2)я9
700 1 _aЛевченко
_bА. С.
_gАлександра С.
856 4 _lVNP_SKP
_tVIEW
_uhttps://webservices.nlr.ru/viewer/file?name=a022687868_002.txt
_yАннотация
856 4 1 _lVNP_SKP
_tVIEW
_uhttps://webservices.nlr.ru/viewer/file?name=t022687868_001.jpeg
_yОбложка
942 _cBOOK
980 4 _aVNP_SKP
980 _aNB